| 000 | 00932nam a22002177a 4500 | ||
|---|---|---|---|
| 999 |
_c13649 _d13649 |
||
| 003 | AR-CdUCM | ||
| 008 | 190416b ||||| |||| 00| 0 spa d | ||
| 040 |
_aMUNICIPALIDAD PROVINCIAL DEL CUSCO _cBIBLIOTECA MUNICIPAL DEL CUSCO |
||
| 082 |
_a113 / _bM41 / 1960 |
||
| 100 |
_aMeliujin, S. _932149 |
||
| 245 | _aEl problema de lo finito y lo infinito / | ||
| 260 |
_aMexico : _bGrijalbo, _c1960. |
||
| 300 |
_a275 páginas ; _c22 cm. |
||
| 505 | _aAparición y desarrollo de las nociones materiales dialécticas sobre la estructura y propiedades de la materia -- Carácter inagotable de las partículas elementales de la materia -- Continuidad y discontinuidad de la materia a la luz de los datos actuales... | ||
| 650 |
_aDialéctica de la estructura. _932150 |
||
| 650 |
_aMateria. _9883 |
||
| 650 |
_aEspacio. _920858 |
||
| 700 |
_aKuper de Velasco, Lydia (traductor) _932151 |
||
| 942 |
_2ddc _cLIBROS |
||
| 945 |
_awfj _d2019-04-16 |
||